Bài tập vật lý

Na minha lista:
Detalhes bibliográficos
Autor principal: Lương, Duyên Bình
Formato: Livro
Idioma:Undetermined
Publicado em: Hà Nội Giáo Dục 2001
Assuntos:
Tags: Adicionar Tag
Sem tags, seja o primeiro a adicionar uma tag!
Thư viện lưu trữ: Trung tâm Học liệu Trường Đại học Cần Thơ
LEADER 00632nam a2200217Ia 4500
001 CTU_91646
008 210402s9999 xx 000 0 und d
082 |a 530.076 
082 |b B312/T.2 
100 |a Lương, Duyên Bình 
245 0 |a Bài tập vật lý 
245 0 |c Lương Duyên Bình 
260 |a Hà Nội 
260 |b Giáo Dục 
260 |c 2001 
526 |a Phương pháp giảng dạy bài tập vật lý phổ thông 
526 |b SP361 
650 |a Physics 
650 |x Problems, exercises 
904 |i Minh 
980 |a Trung tâm Học liệu Trường Đại học Cần Thơ